Abdennour Bidar, Histoire de l’humanisme en Occident. Armand Colin, 2014, 287 pages, 25 € (notice n° 1581668)

détails MARC
000 -LEADER
fixed length control field 01048cam a2200157 4500500
005 - DATE AND TIME OF LATEST TRANSACTION
control field 20251228051328.0
041 ## - LANGUAGE CODE
Language code of text/sound track or separate title fre
042 ## - AUTHENTICATION CODE
Authentication code dc
100 10 - MAIN ENTRY--PERSONAL NAME
Personal name Labey, Gildas
Relator term author
245 00 - TITLE STATEMENT
Title Abdennour Bidar, Histoire de l’humanisme en Occident. Armand Colin, 2014, 287 pages, 25 €
260 ## - PUBLICATION, DISTRIBUTION, ETC.
Date of publication, distribution, etc. 2014.<br/>
500 ## - GENERAL NOTE
General note 57
520 ## - SUMMARY, ETC.
Summary, etc. Il existe un lien privilégié entre Les Écritures et l’écriture, entre le christianisme, la littérature et la poésie. En régime chrétien, La Nouvelle traduction de la Bible (Bayard 2001) est le dernier chantier d’envergure innovateur d’un point de vue biblique et littéraire. Comment ce travail a-t-il contribué à féconder les œuvres d’une génération d’écrivains comme Valère Novarina et Frédéric Boyer ? Une nouvelle vitalité du christianisme peut-elle advenir du côté de la littérature contemporaine ?
786 0# - DATA SOURCE ENTRY
Note Études | javier | 1 | 2014-12-11 | p. XI-XI | 0014-1941
856 41 - ELECTRONIC LOCATION AND ACCESS
Uniform Resource Identifier <a href="https://shs.cairn.info/revue-etudes-2015-1-page-XI?lang=fr&redirect-ssocas=7080">https://shs.cairn.info/revue-etudes-2015-1-page-XI?lang=fr&redirect-ssocas=7080</a>

Pas d'exemplaire disponible.

PLUDOC

PLUDOC est la plateforme unique et centralisée de gestion des bibliothèques physiques et numériques de Guinée administré par le CEDUST. Elle est la plus grande base de données de ressources documentaires pour les Étudiants, Enseignants chercheurs et Chercheurs de Guinée.

Adresse

627 919 101/664 919 101

25 boulevard du commerce
Kaloum, Conakry, Guinée

Réseaux sociaux

Powered by Netsen Group @ 2025